000 00842nam a2200253Ia 4500
003 OSt
005 20220923222955.0
006 a|||||r|||| 00| 0
007 ta
008 220922b |||||||| |||| 00| 0 hin d
024 _a209,385
037 _cTextual
040 _aARTS
_cARTS
_bhin
041 _2hin
_ahin
082 _aO152,3M83x, M1
100 _aशर्मा 'गुलेरी', विद्याधर
_9162098
245 0 _aअमर कहानियां
246 _aAmar kahāniyāan
260 _aअजमेर
_b कृष्णा ब्रदर्स
_c1981
300 _a111पृ.
_ccm.
650 _aहिन्दी साहित्य
_9156264
942 _hO152,3M83x, M1
_cTEXL
_2CC
999 _c359958
_d359958